000 00270nam a2200097Ia 4500
008 220204s9999 xx 000 0 und d
082 _a334.788.2
_bMAD
245 0 _aMadras chamber of commerce rules. Pt 1 & Pt 2
260 _aMadras
_bChamber of Commerce
_c1939
942 _cBK
999 _c20110
_d20110